00749nam a2200193 4500001000700000003000900007005001700016007000300033008004100036110006000077245011000137260004200247300002100289650005000310700003200360852002200392999001900414952012200433120123ES-MaACL20230906191453.0t|070214q1956 sp r ||||1| spa d2 aIglesia Católica. bPapa (1939-1958: Pío XII)9466611a"Haurietis aquas" b: carta encíclica de S.S. Pío XII sobre el culto al Sagrado Corazón de Jesús. aSalamanca : bSígueme, c[ca. 1956] a87 p. ; c15 cm. 4aSagrado Corazón de Jesús-xCulto.91402240 aPío bXII, cPapa.992302 aES-MaACLjC-47192 c120123d120123 00104070aATENEOMbATENEOMcDEPO2d2008-01-17eSCl0oC-47192p1125211r2023-02-23 00:00:00w2023-02-23yMONOGRAFIA